000 01229cam a2200349 a 4500
001 14675825
005 20170105102345.0
008 061219s2007 ne a b 001 0 eng
010 _a 2006102454
015 _aGBA707929
_2bnb
016 7 _a013655409
_2Uk
020 _a9789380501932
020 _a0123705487
020 _a0123740134
035 _a(OCoLC)ocm77486013
035 _a(OCoLC)77486013
040 _aDLC
_cDLC
_dBAKER
_dUKM
_dBTCTA
_dC#P
_dYDXCP
_dDLC
050 0 0 _aTK5105.5
_b.P479 2007
082 0 0 _a004.65 PET
_222
100 1 _aPeterson, Larry L.
245 1 0 _aComputer networks : a systems approach
_ba systems approach
_cLarry L. Peterson & Bruce S. Davie.
250 _a5th ed.
260 _aBoston :
_bMorgan Kaufmann,
_c2012.
300 _axxxi, 884 p. :
_c25 cm.
504 _aIncludes bibliographical references (p. [769]-783) and index.
650 0 _aComputer networks.
700 1 _aDavie, Bruce S.
856 4 2 _3Publisher description
_uhttp://www.loc.gov/catdir/enhancements/fy0704/2006102454-d.html
906 _a7
_bcbc
_corignew
_d1
_eecip
_f20
_gy-gencatlg
942 _2ddc
_cBK
999 _c11644
_d11644